| 000 | 01126nam a22002537a 4500 | ||
|---|---|---|---|
| 001 | 83530 | ||
| 003 | BD-RjUL | ||
| 005 | 20240417174045.0 | ||
| 008 | 240417s2008 bg a|||| m||| 00| 0 eng d | ||
| 035 | _a(BD-RjUL)83530 | ||
| 040 |
_aBD-RjUL _beng _cBD-RjUL _dBD-RjUL |
||
| 041 | _aeng | ||
| 082 |
_223 _a363.34936 _bHOE 2008 |
||
| 100 |
_aHossain, Md. Aktar _912613 |
||
| 245 | 1 | 0 |
_aEnvironmental impact Assessment of the flood control measures in the chalan beel - A comparative study between kalam and Dahia Union / _cBy Md. Aktar Hossain ; _6Supervisor : K B M. Mahbubur Rahman, Co-Supervisor : Mamunul, Haque Khan |
| 260 |
_aRajshahi : _bInstitute of Environmental Science, University of Rajshahi, _c2008 |
||
| 300 |
_axvii, 120 leaves : _bill, ; _c29.cm. |
||
| 502 | _aThesis (M. Phil.) -- Institute of Environmental Science, University of Rajshahi, 2008 | ||
| 504 | _aReferences and Bibliography : Leaves 104 - 114 | ||
| 650 |
_aControl _vOther social problems and services _912614 |
||
| 700 |
_aRahman, K B M. Mahbubur, Supervisor _91982 |
||
| 700 |
_aKhan, Mamunul, Haque, Co-Supervisor _912615 |
||
| 942 |
_2ddc _cTHE |
||
| 999 |
_c83530 _d83530 |
||